00545 2200181 4500001002100000005001500021035002500036090001100061245007900072260004900151300003500200008004100235082001100276084001700287100002100304650002600325990001200351YOGYA00000000004787020180629081744 a0010-081400000047588 a330.041 aVoorlezingen Over Tropisch-Koloniale Staathuishoudkunde /cJ. van Gelderen aHaarlem :bH.D. Tjeenk Willink & Zoon,c1927 aix, 126 hlm. :bilus ;c22 cm.180629 g 0 dut  a330.04 a330.04 GEL v1 aGelderen, J. van aEconmics/Ilmu Ekonomi a11853/b